| 000 | 00539nam a2200181 i 4500 | ||
|---|---|---|---|
| 001 | 70688 | ||
| 003 | ES-MaACL | ||
| 005 | 20230906170905.0 | ||
| 007 | t| | ||
| 008 | 040802s1907 sp ||||1| spa d | ||
| 080 | _a537.85 | ||
| 100 | 1 |
_aGarín Martí, Felipe N. _955561 |
|
| 245 | 1 | 0 |
_aEstudios sobre la inducción eléctrica / _cFelipe N. Garín Martí. |
| 260 |
_aValencia : _b[s.n.], _c1907 ( _fEst. Tip. Manuel Pau) |
||
| 502 | _aTesis doctoral. | ||
| 650 | 4 |
_aInducción electromagnética. _9158371 |
|
| 852 | 4 |
_aES-MaACL _jT-1312-F-1 |
|
| 999 |
_c70688 _d70688 |
||